000 00980nam a2200193 a 4500
001 BRCA_90
005 20190320202856.0
008 930928s1991 mx-#---###---#000-0#spa-#
050 4 _aNA5257.P8
_b.T36 1991
100 1 _aTamariz de Carmona, Antonio
_9348
245 1 0 _aRelación y descripción del templo real de la Ciudad de la Puebla de los Angeles en la Nueva España, y su Catedral
_cAntonio Tamariz de Carmona; prólogo Efraín Castro Morales.
260 _aPuebla, México
_bGobierno del Estado de Puebla, Secretaría de Cultura
_c1991.
300 _a195 p.
_c21 cm.
440 0 _aBibliotheca angelopolitana
_v7
_9349
501 _aCon: Puntos que el señor Obispo de la Puebla de los Angeles, Don Juan de Palafox y Mendoza deja encargados y encomendados a las almas de su cargo, al tiempo de partirse de estas provincias, a los reynos de España, 1649
650 1 4 _aArquitectura de interiores
_zPuebla - México
_9350
700 1 _aCastro Morales, Efraín
_9351
942 _2lcc
_cB
999 _c78
_d78